| 000 | 01441nam2a22003011 4500 | ||
|---|---|---|---|
| 001 | v19\rc\1951808 | ||
| 005 | 20251118180923.2 | ||
| 035 | _a(NLR Aleph) 005036611 | ||
| 090 |
_a6748463 _c6748463 |
||
| 100 | _a20080428d1913 u y0rusy50 ca | ||
| 101 | 0 | _arus | |
| 102 | _aRU | ||
| 105 | _ay z ||||| | ||
| 200 | 0 | _aЧ. 1 | |
| 210 | _d1913 | ||
| 215 | _a204 с. | ||
| 461 | 0 |
_1001v19\rc\1951807 _12001#$aРусская история 17 в. и первой четверти 18 в.$eЛекции, чит. на Высш. жен. курсах в 1913-1914 уч. г.$e(Зап. слушательниц). Ч. 1-2$fМ.К. Любавский$vЧ. 1 _1700#1$aЛюбавский$bМ.К.$f1860-1936$gМатвей Кузьмич _96748455 _aЛюбавский, М.К. (1860-1936) _cМосква _d1913-1914 _fМ.К. Любавский _nО-во при Ист.-филос. фак. Моск. высш. жен. курсов _oЛекции, чит. на Высш. жен. курсах в 1913-1914 уч. г. : (Зап. слушательниц). Ч. 1-2 _p2 т. _tРусская история 17 в. и первой четверти 18 в. _vЧ. 1 |
|
| 801 | 0 |
_aRU _bNLR _gpsbo |
|
| 801 | 0 |
_aRU _bRuMoRGB _2psbo |
|
| 801 | 1 |
_aRU _bProSoft-M _2rusmarc |
|
| 852 |
_aNLR _jИр20/Б-7/14 |
||
| 899 |
_aRuMoRGB _jP 35/106 |
||
| 899 |
_aRuMoRGB _jЯ 235/10 |
||
| 899 |
_aRuMoRGB _jU 340/18 |
||
| 899 | _aГПИБ | ||
| 899 | _aНБ МГУ | ||
| 942 | _cBOOK | ||
| 980 | _aNB | ||